Jurassic Park - Le Quiz - Statistiques

Statistiques générales
  • Ce quiz a été pris 1 975 fois
    1 770 depuis la dernière actualisation
  • Le résultat moyen est 14 sur 20
Statistiques - réponses
Question Réponse % Correct
Les vitres et les verres d'eau se mettent a trembler lorsqu'il se rapproche ... Le T. rex
94%
Quelle espèce de dinosaure particulièrement intelligente vit en meute ? Le vélociraptor
94%
Quel dinosaure malade est découvert lors de la visite du Parc ? Un tricératops
88%
Sur quelle île se situe le Parc ? Isla Nublar
85%
Qui est le fondateur du Parc ? John Hammond
83%
Quel est le titre du deuxième volet de la saga ? Le monde perdu : Jurassic Park
82%
De quel animal est extrait l'ADN permettant de compléter les séquences d'ADN manquantes pour créer les dinosaures ? La grenouille
81%
Complétez cette réplique de Ian Malcolm : "La vie trouve toujours ..." un chemin
79%
Sur quoi est basée sa vision d'après le Dr. Alan Grant ? Le mouvement
77%
Au large de quel pays se trouve-t-il ? Le Costa Rica
76%
Réalisateur des deux premiers films Steven Spielberg
76%
Quelle théorie est évoquée par le Dr. Ian Malcolm ? La théorie du {Chaos}
75%
Afin de retrouver qui les Kirby souhaitent aller sur Isla Sorna dans le troisième film ? Leur fils
75%
Quel est le métier exercé par Alan Grant ? Paléontologue
75%
Grand prédateur apparaîssant dans Jurassic Park 3 Le spinosaure
72%
Dernières paroles prononcées par Robert Muldoon lorsqu'il se retrouve piégé par l'un de ces dinosaures Petite {futée}
65%
Quel est le nom de l'entreprise qu'il détient ? InGen
64%
Dans quelle ville un T. rex sème-t-il la panique dans ce film ? San Diego
56%
Auteur original du roman Jurassic Park dont la trilogie cinématographique est adaptée Michael Crichton
37%
Réalisateur de Jurassic Park 3 Joe Johnston
16%
Aucun quiz correspondant
Distribution des résultats
% des personnes avec chaque résultat
Percentile par nombre de réponses
Votre historique - résultats
Vous n’avez pas pris ce quiz depuis la dernière actualisation